Don't forget the lyrics #1 - Statistics

General Stats
  • This quiz has been taken 559 times
  • The average score is 20 of 40
Answers on the Map
Answers color-coded by a green-red scale on the quiz's map according to % correct below.
 
Answer Stats
Song Worlds % Correct
Fourth Song a
94%
Fifth Song a
94%
Third Song I
93%
Fourth Song I
93%
Fifth Song I
93%
Fourth Song m
93%
Second Song to
84%
Fourth Song to
84%
Fifth Song to
84%
Fourth Song an
71%
Third Song and
61%
Fifth Song and
61%
Second Song be
57%
Fourth Song ready
52%
Second Song meant
51%
Fifth Song the
50%
Fourth Song machine
47%
Fourth Song sex
47%
Fourth Song reload
43%
Fifth Song get
38%
Fourth Song like
38%
Fifth Song now
38%
Fifth Song then
38%
Fifth Song every
36%
Fifth Song little
36%
Fifth Song bit
35%
First Song dream
33%
Third Song all
32%
Fifth Song of
31%
Fifth Song of
31%
Third Song adore
29%
First Song away
27%
Fifth Song my
27%
Fourth Song bomb
25%
Fourth Song atom
24%
Third Song worship
24%
Fifth Song tired
20%
Fifth Song sound
19%
Fifth Song listening
17%
Fifth Song tears
17%
No matching quizzes found
Score Distribution
Percent of People with Each Score
Percentile by Number Answered
Your Score History
You have not taken this quiz